| 000 | 00000nam##2200000za#4500 |
| 001 | 9.588025 |
| 003 | CaOODSP |
| 005 | 20210624194923 |
| 007 | cr ||||||||||| |
| 008 | 150406|2007||||xxc|||||o f|0| 0 eng|d |
| 022 | |a1701-1280 |
| 040 | |aCaOODSP|beng |
| 041 | |aeng |
| 041 | |afre |
| 043 | |an-cn--- |
| 086 | 1 |aFs70-4/2006-046-PDF |
| 110 | 1 |aCanada. |bDepartment of Fisheries and Oceans. |
| 245 | 10|aProceedings of the Maritimes Regional Advisory Process on eastern Scotian Shelf shrimp : |h[electronic resource]|b5 December 2006, Bedford Institute of Oceanography, Dartmouth, N.S. / |c[by] Wayne Stobo. |
| 260 | |aDartmouth - Nova Scotia : |bFisheries and Oceans Canada |cMarch 2007. |
| 300 | |a14p. |
| 490 | 1 |aCanadian Science Advisory Secretariat proceedings series|x1701-1280|v2006/046 |
| 590 | |a11-31-Supp|b2011-12-13 |
| 720 | 1 |aStobo, Wayne |
| 792 | |tCompte rendu de la réunion du Processus consultatif régional concernant la crevette de l'est du plateau néo-écossais : |efre|w(CaOODSP)9.588026 |
| 830 | #0|aProceedings series (Canadian Science Advisory Secretariat)|x1701-1280|v2006/046|w(CaOODSP)9.500507 |
| 856 | 40|ahttp://publications.gc.ca|qPDF|s88 KB|uhttps://publications.gc.ca/collections/collection_2011/mpo-dfo/Fs70-4-2006-046.pdf|y2006/046 |